000 00655nam a22002177a 4500
003 UA-OsUOA
001 123813
007 ta
008 20170711b un ||||| |||| 00| 0 ukr d
100 _aШалата М.
090 _a82
_bШ18
942 _cSA
040 _aUA-OsUOA
_bukr
_cUA-OsUOA
_dUA-OsUOA
245 _aМитрополит Михайло Левицький і літературне життя Галиччини періоду "Весни народів"
300 _aС.38-45
955 _a0
041 _aukr
080 _a82
773 0 _w123812
650 7 _a82 Література. Літературознавство
_2UDC
999 _c410965
_d410965